000
00218 a2200097 4500
001
42552
100
_a
Hart B.H.L
245
_a
The revolution in warfare
260
_a
London
_b
Faber & Faber
_c
090
_c
26462
_d
26462
942
_a
NUST-CAE
_c
M
_c
18294
999
_c
277625
_d
277625